Statistiques concernant Drapeaux en formes de Pays #9

Cliquez ici pour prendre le quiz!

Statistiques générales

  • Ce quiz a été pris 9 987 fois
  • Le résultat moyen est 11 sur 16

Statistiques - réponses

Réponse% Correct
Nigeria
90%
Kazakhstan
88%
Corée du Nord
87%
Luxembourg
86%
Slovaquie
86%
Madagascar
81%
Syrie
77%
Lettonie
75%
Malaisie
75%
Lituanie
66%
Salvador
60%
Togo
57%
Nauru
49%
Suriname
48%
Antigua-et-Barbuda
41%
Cap-Vert
33%

Distribution des résultats

Percentile par nombre de réponses

% des personnes avec chaque résultat

Votre développement - résultats

Vous n’avez pas pris ce quiz